00564nam a2200181Ia 4500003000900000008004100009020001800050040001600068080002000084100001800104245010200122260004800224300001400272650004100286650001800327650001900345650001800364IN-BaIIA211028s9999 xx 000 0 eng d a0-521-24558-3 cIIA Library a523.45-425bPHY aDessler, A. J 0aPhysics of the Jovian magnetospherecA. J. Dessler  aCambridgebCambridge University Pressc1983 axv, 544p. aAstronomy and astrophysics thesaurus aGiant planets aJovian planets aMagnetosphere